000 00622nam a2200205 i 4500
001 126831
003 ES-MaACL
005 20250905063047.0
007 t|
008 070214s1908 fr r ||||1| fre d
100 1 _aRey, Abel,
_d1873-1940
_996481
245 1 3 _aLa philosophie moderne /
_cpar Abel Rey.
260 _aParis :
_bErnest Flammarion,
_c1908.
300 _a372 p. ;
_c18 cm.
490 1 _aBibliothèque de philosophie scientifique
650 0 4 _aFilosofía-
_yS.XX.
_912826
830 0 _aBibliothèque de philosophie scientifique
_9181135
852 _aES-MaACL
_jF-6380
999 _c126831
_d126831